000 00607cam a2200217 4500500
005 20260329004153.0
041 _afre
042 _adc
100 1 0 _aEnjalbert, Cédric
_eauthor
245 0 0 _aAndōscopie
260 _c2018.
500 _a13
690 _aArchitecture
690 _aBachelard
690 _aBéton
690 _aCentre Pompidou
690 _aCulture
690 _aTadao Andō
786 0 _nPhilosophie magazine | 123 | 10 | 2018-10-01 | p. 65-65 | 1951-1787
856 4 1 _uhttps://shs.cairn.info/magazine-philosophie-magazine-2018-10-page-65?lang=fr&redirect-ssocas=7080
999 _c1831381
_d1831381